| 000 | 01365cam a2200337 a 4500 | ||
|---|---|---|---|
| 999 |
_c3069 _d3069 |
||
| 001 | 724659 | ||
| 005 | 20170607120955.0 | ||
| 008 | 980504s1998 ohub b s001 0beng | ||
| 010 | _a 98007888 | ||
| 020 | _a0821412426 (paper : alk. paper) | ||
| 040 |
_aDLC _cDLC _dDLC |
||
| 043 |
_af-gh--- _af------ |
||
| 050 | 0 | 0 |
_aDT512.3.N57 _bB53 1998 |
| 082 | 0 | 0 |
_a966.705/092 _aB _221 |
| 100 | 1 |
_aBirmingham, David. _913113 |
|
| 245 | 1 | 0 |
_aKwame Nkrumah : _bthe father of African nationalism / _cDavid Birmingham. |
| 250 | _aRev. ed. | ||
| 260 |
_aAthens : _bOhio University Press, _c1998. |
||
| 300 |
_axi, 142 p. : _bmap ; _c21 cm. |
||
| 500 | _aThe first ed., without subtitle, was published: London : Sphere Books, 1990, in the series: Makers of the twentieth century. | ||
| 504 | _aIncludes bibliographical references (p. 133-136) and index. | ||
| 600 | 1 | 0 |
_aNkrumah, Kwame, _d1909-1972. _932230 |
| 650 | 0 |
_aPresidents _zGhana _xBiography. _932229 |
|
| 650 | 0 |
_aNationalism _zAfrica _xHistory _y20th century. _932073 |
|
| 650 | 0 |
_aPan-Africanism. _93229 |
|
| 651 | 0 |
_aGhana _xPolitics and government _y1957-1979. _923604 |
|
| 906 |
_a7 _bcbc _corignew _d1 _eocip _f19 _gy-gencatlg |
||
| 942 |
_2lcc _cMONOGRAPH |
||